Spevníček saleziánskych chovancov a oratoriánov (namiesto rukopisu)

Bibliographic Details
Format: Book
Language:Slovak
PhysicalDescription:83 s. 12°
Published: Šaštín Saleziáni 1935
Subjects:

MARC

LEADER 00000cam a2200000 a 4500
001 vtls008398051
003 SK-MaSNL
005 20260301205102.0
008 260209s1935 xo 000 0 slo
015 |a SNBA19191938-011581 
035 |a SK01SNKBSKHR20010090268 
035 |a urn:nbn:sk:snk-am3hndx 
035 |a 7E90426D-B194-4712-AF9F-8D744838843C 
035 |a urn:nbn:sk:snk-am00cwbe 
035 |a SKM000092731 
040 |a SNK  |b slo  |c SNK  |e AACR2 
041 0 |a slo 
044 |a xo  |c SK 
072 7 |a 783  |x Cirkevná hudba. Duchovná hudba. Náboženská hudba  |2 konspekt 
080 |a 783  |2 1981 
080 |a 271  |2 1981 
080 |a 245  |2 1981 
080 |a 783.6  |2 2011 
080 |a 27-789.64  |2 2011 
080 |a (0:82-192)  |2 2011 
245 0 0 |a Spevníček saleziánskych chovancov a oratoriánov  |b (namiesto rukopisu) 
260 |a Šaštín  |b Saleziáni  |c 1935  |e Bratislava  |f Andrej 
300 |a 83 s.  |c 12° 
650 0 7 |a duchovné piesne  |2 SNKPH  |9 1928 
650 0 7 |a saleziáni  |2 SNKPH  |9 29348 
650 0 7 |a oratoriáni  |2 SNKPH  |9 118836 
650 0 7 |a Sacred songs  |2 SNKPHeng  |9 288743 
650 0 7 |a Salesians  |2 SNKPHeng  |9 305497 
655 7 |a spevníky  |2 SNKPH  |9 70506 
655 7 |a Songbooks  |2 SNKPHeng  |9 288744 
852 |a Slovenská národná knižnica 
954 |a duchovná literatúra pôvodná (slovenská)  |2 lita 
958 |a EUIPO 
958 |a OND 
958 |a RK 
958 |a TL 
958 |a NT 
999 |c 908922  |d 910852 
952 |a SNK  |b SNK  |y PREZ  |7 0  |p 17A0732163  |o snkSE 646/6  |i snk213/41  |0 0  |1 0  |4 0  |d 2017-07-19  |f 1  |l 0  |r 2026-02-24 07:37:21  |w 2026-02-24